000 00331nam a2200133 a 4500
005 20140414131921.0
008 101022s19uu xx 00 eng d
050 _aER
_bSi3 1992
100 _a
245 _aSilent night :
_band other nursery rhymes.
260 _bAllan,
_c1992.
440 _aA christmas pop-up
999 _c111740
_d111740